000
00265nam a2200097Ia 4500
001
866083
005
20250826175541.0
008
250824s9999 xx 000 0 und d
245
0
_a
MUHTEŞEM SÜLEYMAN VE HÜRREM SULTAN
_c
YAVUZ BAHADIROĞLU
260
_b
PANAMA YAYINLARI
999
_c
866083
_d
866083